000
00236 a2200097 4500
001
6048
100
_a
Langlois-berthelot, R
245
_a
Transformers and Generators for power systems.
260
_a
_b
Macdonald
_c
090
_c
4948
_d
4948
942
_a
NUST-CAE
_c
M
_c
31320
999
_c
241121
_d
241121